[Event "Gouda NLD-Top rap"]
[Site "Gouda"]
[Date "1997.??.??"]
[Round "?"]
[White "Van der Sterren, Paul"]
[Black "Van der Wiel, John TH"]
[Result "0-1"]
[WhiteElo "2555"]
[BlackElo "2525"]

1.d4 Nf6 2.c4 e6 3.Nf3 b6 4.g3 Ba6 5.b3 Bb4+ 6.Bd2 Be7 7.Bg2 c6 8.Bc3 d5
9.Ne5 Nfd7 10.Nxd7 Nxd7 11.Nd2 O-O 12.O-O Rc8 13.e4 b5 14.Re1 dxc4 15.bxc4 bxc4
16.Qa4 Bb5 17.Qc2 Re8 18.Red1 Qc7 19.a4 Ba6 20.Qa2 c5 21.d5 exd5 22.exd5 Ne5
23.Bxe5 Qxe5 24.Nxc4 Bxc4 25.Qxc4 Qd6 26.Rab1 Rb8 27.a5 Bf6 28.a6 Rxb1 29.Rxb1 Bd4
30.Bf3 h5 31.Bxh5 Qf6 32.Qc2 g6 33.Bg4 Qxa6 34.h4 Qd6 35.Kg2 Qxd5+ 36.Bf3 Qe5
37.Qc4 Re7 38.Rd1 Kg7 39.Rd2 Qe1 40.Ra2 Re6 41.h5 gxh5 42.Bxh5 Rf6 43.f4 Qg1+
44.Kh3 Bf2 45.Qc3 Qh1+ 46.Kg4 Bd4 47.Qf3 Qxf3+ 48.Kxf3 c4 49.Ke4 Rd6 50.Ra4 c3
51.Rc4 a5 52.Rc7 a4 53.g4 a3 54.Bxf7 Bb6 55.Rxc3 Kxf7 56.Rxa3 Rd4+ 57.Ke5 Rb4
58.Rd3 Bc7+ 59.Kf5 Rxf4+ 60.Kg5 Rc4 61.Rd7+ Ke6 62.Rd1 Bf4+ 63.Kg6 Be5 64.g5 Rc8
65.Re1 Rg8+ 66.Kh5 Kf5 67.Rf1+ Bf4 68.Kh6 Rxg5 69.Kh7 Rg4 70.Ra1 Be5 71.Ra5 Rg5
72.Rb5 Rh5+ 73.Kg8 Kg6 74.Kf8 Bd6+  0-1

[Event "Graz op"]
[Site "Graz"]
[Date "1997.??.??"]
[Round "3"]
[White "Epishin, Vladimir"]
[Black "Rigo, Janos"]
[Result "1-0"]
[WhiteElo "2570"]
[BlackElo "2325"]

1.d4 Nf6 2.c4 e6 3.Nf3 b6 4.g3 Ba6 5.Qb3 Nc6 6.Bd2 Rb8 7.a3 Ne4 8.Qc2 f5
9.Bg2 b5 10.d5 Nxd2 11.Nbxd2 Na5 12.cxb5 Rxb5 13.dxe6 dxe6 14.b4  1-0

[Event "Graz op"]
[Site "Graz"]
[Date "1997.??.??"]
[Round "5"]
[White "Epishin, Vladimir"]
[Black "Agrest, Evgenij"]
[Result "1/2-1/2"]
[WhiteElo "2570"]
[BlackElo "2505"]

1.d4 Nf6 2.c4 e6 3.Nf3 b6 4.g3 Ba6 5.Qb3 Nc6 6.Bd2 Rb8 7.Qc2 Bb7 8.Bc3 Nb4
9.Qb3 Nd3+ 10.exd3 Bxf3 11.Rg1 b5 12.Qc2 Ba8 13.Bg2 Bxg2 14.Rxg2 Be7 15.Bd2 Qc8
16.b3 Qb7 17.Kf1 O-O 18.Nc3 bxc4 19.dxc4 c5 20.dxc5 Bxc5 21.Rd1 Rbc8 22.Bg5 Be7
23.Bxf6 Bxf6 24.Ne4 Be7 25.Nd6 Bxd6 26.Rxd6 Rc6 27.Qe4 Rc7  1/2-1/2

[Event "Graz op"]
[Site "Graz"]
[Date "1997.??.??"]
[Round "7"]
[White "Epishin, Vladimir"]
[Black "Timoshenko, Georgy"]
[Result "0-1"]
[WhiteElo "2570"]
[BlackElo "2570"]

1.d4 Nf6 2.c4 e6 3.Nf3 b6 4.g3 Ba6 5.Qb3 Nc6 6.Bd2 Rb8 7.a3 Bb7 8.Qd3 Na5
9.b4 Be4 10.Qc3 Nb7 11.Bg2 c5 12.O-O Be7 13.Bf4 Rc8 14.Nbd2 O-O 15.Nxe4 Nxe4
16.Qd3 d5 17.Rfc1 cxb4 18.axb4 Bxb4 19.Rxa7 Na5 20.cxd5 Rxc1+ 21.Bxc1 exd5
22.Bh3 Nc4 23.Kg2 b5 24.Rd7 Qa8 25.Ne5 Qa1 26.Rxd5 Qxc1 27.Nxc4 Nxf2 28.Kxf2 bxc4
29.Qe4 c3 30.Kg2 Qd2 31.Bf5 g6 32.Qb1 gxf5 33.Qxb4 Qxe2+  0-1

[Event "Groningen op"]
[Site "Groningen"]
[Date "1997.??.??"]
[Round "3"]
[White "Atalik, Suat"]
[Black "Roeder, Mathias"]
[Result "1-0"]
[WhiteElo "2590"]
[BlackElo "2435"]

1.d4 Nf6 2.c4 e6 3.Nf3 b6 4.g3 Ba6 5.Nbd2 Bb7 6.Bg2 Be7 7.e4 Nxe4 8.Ne5 d5
9.cxd5 exd5 10.Qa4+ Kf8 11.O-O f6 12.Nd3 Qd7 13.Qd1 Bd6 14.Re1 h5 15.Nxe4 dxe4
16.Bf4 Qf5 17.Bxd6+ cxd6 18.Nf4 g5 19.Bh3 g4 20.Bf1 Nc6 21.Rc1 h4 22.Ba6 Bxa6
23.Rxc6 Re8 24.Re3 hxg3 25.fxg3 Qb5 26.Rc7 Qxb2 27.Ng6+ Kg8 28.Nxh8 Kxh8
29.h3 Bd3  1-0

[Event "Groningen op"]
[Site "Groningen"]
[Date "1997.??.??"]
[Round "9"]
[White "Oosterom, Erik"]
[Black "Theulings, Paul Peter"]
[Result "1-0"]
[WhiteElo "2290"]
[BlackElo "2160"]

1.d4 Nf6 2.c4 e6 3.Nf3 b6 4.g3 Ba6 5.Nbd2 Bb7 6.Bg2 c5 7.e4 Nxe4 8.Ne5 d5
9.Nxe4 dxe4 10.Qa4+ Ke7 11.dxc5 f6 12.c6 Bc8 13.Bf4 Qd4 14.Rd1 Qc5 15.Bxe4 fxe5
16.Be3  1-0

[Event "Hafnarfjordur"]
[Site "Hafnarfjordur"]
[Date "1997.??.??"]
[Round "6"]
[White "Aagaard, Jacob"]
[Black "Thorfinnsson, Bragi"]
[Result "1/2-1/2"]
[WhiteElo "2435"]
[BlackElo "2215"]

1.d4 Nf6 2.c4 e6 3.Nf3 b6 4.g3 Ba6 5.Nbd2 d5 6.Bg2 c6 7.O-O Bd6 8.b3 O-O
9.Bb2 Bb7 10.Qc2 c5 11.dxc5 bxc5 12.Ng5 Nbd7 13.cxd5 exd5 14.Nc4 Bc7 15.Rad1 g6
16.Ne3 Be5 17.Nxd5 Nxd5 18.Bxd5 Bxd5 19.Rxd5 Qxg5 20.Rxd7 Bxb2 21.Qxb2 Rfe8
22.Qd2 Qf5 23.Rd1 Re5 24.f4 Re6 25.Rd8+ Rxd8 26.Qxd8+ Kg7 27.Qd2 Qg4 28.Kf2 h5
29.Qc3+ Kh7 30.Rd2 h4 31.Qf3 Qh3 32.Qg2 Qf5 33.Qf3 c4 34.bxc4 Qc5+ 35.Kg2 hxg3
36.hxg3 Qxc4 37.Qd3 Qc6+ 38.Qf3 Qc4 39.f5 gxf5 40.Qxf5+ Kg7 41.Qg5+ Kh7 42.Qf5+ Kg7
43.e3 Ra6 44.Qg5+ Kh7 45.Qf5+ Kg7 46.Qe5+ Kh7 47.Qf5+ Kg7 48.Qc2 Qxc2 49.Rxc2 Kf6
50.Kf3 Ra4 51.Ke2 Ke5 52.Kd3  1/2-1/2

[Event "Wichern op"]
[Site "Hamburg"]
[Date "1997.??.??"]
[Round "1"]
[White "Nicolosi, Tino"]
[Black "Meier, Volker"]
[Result "0-1"]
[WhiteElo "2095"]
[BlackElo "2285"]

1.d4 Nf6 2.Nf3 e6 3.c4 b6 4.g3 Ba6 5.b3 b5 6.cxb5 Bxb5 7.Bg2 Bb4+ 8.Bd2 a5
9.O-O O-O 10.a4 Bxd2 11.Nbxd2 Bc6 12.Nc4 Bxf3 13.Bxf3 d5 14.Ne5 c6 15.Qc2 Qb6
16.e3 Rc8 17.Rac1 Nfd7 18.Nd3 Na6 19.Nc5 Naxc5 20.dxc5 Qb4 21.Qc3 Rab8 22.Bd1 Re8
23.Re1 e5 24.Qxb4 Rxb4 25.Kf1 e4 26.Rc3 Ne5 27.Kg2 f5 28.f4 exf3+ 29.Bxf3 Nxf3
30.Kxf3 Reb8 31.Rec1 Kf7 32.h3 Rxb3 33.Kf4 Kf6 34.h4 R8b4+ 35.Kf3 Rxc3 36.Rxc3 Rxa4
37.Rb3 Rc4  0-1

[Event "Wichern op"]
[Site "Hamburg"]
[Date "1997.??.??"]
[Round "9"]
[White "Zagorskis, Darius"]
[Black "Ruzele, Darius"]
[Result "1/2-1/2"]
[WhiteElo "2485"]
[BlackElo "2525"]

1.d4 Nf6 2.Nf3 e6 3.c4 b6 4.g3 Ba6 5.b3 Bb4+ 6.Bd2 Be7 7.Bg2 c6 8.Bc3 d5
9.Ne5 Nfd7 10.Nxd7 Nxd7 11.Nd2 Rc8 12.O-O b5 13.c5  1/2-1/2

[Event "Helsinki We SKF op"]
[Site "Helsinki"]
[Date "1997.??.??"]
[Round "3"]
[White "Veingold, Aleksandr"]
[Black "Kochyev, Alexander"]
[Result "1/2-1/2"]
[WhiteElo "2460"]
[BlackElo "2435"]

1.d4 Nf6 2.Nf3 e6 3.c4 b6 4.g3 Ba6 5.Nbd2 Bb7 6.Bg2 c5 7.e3 cxd4 8.exd4 Be7
9.O-O O-O 10.b3 d5 11.Bb2 Nc6 12.Qe2 Rc8 13.Rac1 Rc7 14.Rfd1 Qa8 15.a3 dxc4
16.bxc4  1/2-1/2

[Event "Helsinki We SKFC 2 op"]
[Site "Helsinki"]
[Date "1997.??.??"]
[Round "5"]
[White "Veingold, Aleksandr"]
[Black "Koskela, Niina"]
[Result "1-0"]
[WhiteElo "2460"]
[BlackElo "2185"]

1.d4 Nf6 2.Nf3 e6 3.c4 b6 4.g3 Ba6 5.b3 Bb4+ 6.Bd2 Be7 7.Bg2 d5 8.cxd5 exd5
9.O-O Ne4 10.Nc3 Nxd2 11.Qxd2 c6 12.Ne5 O-O 13.Rfd1 Bb7 14.e4 f6 15.Nd3 dxe4
16.Nf4 Qd7 17.Bxe4 f5 18.Bg2 Na6 19.d5 Bf6 20.Rac1 Rac8 21.Qe2 c5 22.d6 Bxg2
23.Kxg2 Nb8 24.Ncd5 Rce8 25.Qc4 Kh8 26.Nc7 Re5 27.Nfe6 Rc8 28.b4 Qc6+ 29.Kg1 Nd7
30.bxc5 bxc5 31.Nf4 Re4 32.Qf7 Rf8 33.Qd5 Qxd5 34.Rxd5 Rd4 35.Nfe6 Rxd5 36.Nxd5 Rc8
37.Nxf6 gxf6 38.Nc7 Kg8 39.Kg2 Kf7 40.Re1  1-0

[Event "HUN-chT2 9798"]
[Site "HUN"]
[Date "1997.??.??"]
[Round "?"]
[White "Juhasz, Mark"]
[Black "Sziraki, Tamas"]
[Result "0-1"]
[WhiteElo "2180"]
[BlackElo "2315"]

1.d4 Nf6 2.c4 e6 3.Nf3 b6 4.g3 Ba6 5.b3 Bb4+ 6.Bd2 Be7 7.Bg2 c6 8.O-O O-O
9.Bc3 d5 10.Nbd2 Nbd7 11.Rc1 Rc8 12.Rc2 c5 13.dxc5 Nxc5 14.Ne5 Qc7 15.Bb2 dxc4
16.Ndxc4 Rfd8 17.Qa1 Bb7 18.Nf3 Qb8 19.Rcc1 Nce4 20.Rfd1 Bc5 21.Bd4 Ng4 22.Bxc5 Rxc5
23.Rf1 Qc7 24.Rcd1 Rxd1 25.Qxd1 b5 26.Ne3 Nexf2 27.Qd4 Nxe3 28.Qxe3 Ng4 29.Qd4 Nf6
30.Rd1 Rd5 31.Qa1 Qc5+ 32.Nd4 e5 33.Bxd5 Nxd5 34.Rc1 Qxd4+ 35.Qxd4 exd4 36.Rd1 Nc3
37.Rxd4  0-1

[Event "HUN-chT 9798"]
[Site "Hungary"]
[Date "1997.??.??"]
[Round "?"]
[White "Vigh, Bela"]
[Black "Hardicsay, Peter"]
[Result "1/2-1/2"]
[WhiteElo "2390"]
[BlackElo "2355"]

1.d4 Nf6 2.c4 e6 3.Nf3 b6 4.g3 Ba6 5.Qc2 c6 6.Bg2 d5 7.cxd5 exd5 8.Bf4 Bb7
9.O-O Be7 10.Nc3 O-O 11.a3 Nbd7 12.Rad1  1/2-1/2

[Event "World Cities"]
[Site "Jakarta "]
[Date "1997.??.??"]
[Round "2"]
[White "Shneider, Aleksandr"]
[Black "Wahono, Awam"]
[Result "0-1"]
[WhiteElo "2570"]
[BlackElo "2330"]

1.d4 Nf6 2.c4 e6 3.Nf3 b6 4.g3 Ba6 5.b3 Bb4+ 6.Bd2 Be7 7.Bg2 c6 8.Bc3 d5
9.Ne5 Nfd7 10.Nxd7 Nxd7 11.Nd2 f5 12.O-O O-O 13.Rc1 Rc8 14.Bb2 b5 15.c5 b4
16.Nf3 Bf6 17.Qd2 Rb8 18.Ra1 Rb7 19.a3 bxa3 20.Bxa3 Bb5 21.Rfe1 a6 22.Qc2 Qe7
23.Bf1 g5 24.b4 Qg7 25.Qc3 f4 26.gxf4 gxf4+ 27.Kh1 Qh6 28.Qd2 Kh8 29.Bg2 Rg8
30.Rg1 Bd8 31.Bc1 Bc7 32.e3 Nf6 33.exf4 Ne4 34.Qe1 Bxf4 35.Bxf4 Qxf4 36.Bh3 Rxg1+
37.Kxg1 Rg7+ 38.Kh1  0-1

[Event "World Cities"]
[Site "Jakarta "]
[Date "1997.??.??"]
[Round "9"]
[White "Barus, Cerdas"]
[Black "Shneider, Aleksandr"]
[Result "0-1"]
[WhiteElo "2445"]
[BlackElo "2570"]

1.d4 Nf6 2.c4 e6 3.Nf3 b6 4.g3 Ba6 5.b3 Bb4+ 6.Bd2 Be7 7.Bg2 c6 8.Bc3 d5
9.Ne5 Nfd7 10.Nxd7 Nxd7 11.Nd2 O-O 12.O-O Rc8 13.e4 c5 14.exd5 exd5 15.dxc5 dxc4
16.c6 cxb3 17.Re1 b2 18.Bxb2 Nc5 19.Nc4 Bxc4 20.Qg4 Bg5 21.Qxc4 Nd3 22.Bc3 Nxe1
23.Rxe1 Re8 24.Rb1 Re6 25.h4 Bf6 26.Bb4 Qd4 27.Qc2 g6 28.Bf3 Be7 29.a3 Bxb4
30.Rxb4 Qa1+ 31.Kg2 Qxa3 32.Ra4 Qd6 33.Rc4 Re5 34.Qc3 Rc5 35.Rd4 Qf6 36.Qa3 R8xc6
37.h5 gxh5 38.Rh4 Qe6 39.Qxa7 Rc7 40.Qb8+ Rc8 41.Qb7 R8c7 42.Qa6 Rc4 43.Rxc4 Rxc4
44.Qa8+ Rc8 45.Qa1 Rc5 46.Qd4 Re5 47.Qd8+ Kg7 48.Qd4 Qf6 49.Bb7 Re2 50.Qxf6+ Kxf6
51.Kf3 Re7 52.Bd5 b5 53.Kf4 b4 54.Bb3 Re1  0-1

[Event "Jakarta op"]
[Site "Jakarta"]
[Date "1997.??.??"]
[Round "?"]
[White "Nenashev, Alexander"]
[Black "Timoshenko, Georgy"]
[Result "1/2-1/2"]
[WhiteElo "2585"]
[BlackElo "2510"]

1.d4 Nf6 2.c4 e6 3.Nf3 b6 4.g3 Ba6 5.b3 Bb4+ 6.Bd2 Be7 7.Bg2 c6 8.Bc3 d5
9.Nbd2 Nbd7 10.O-O O-O 11.Re1 Bb7 12.e4 dxe4 13.Nxe4 c5 14.Ned2 Re8 15.Qe2 Qc7
16.dxc5 Qxc5 17.Ne5 Bxg2 18.Nxd7 Nxd7 19.Kxg2 Qc6+ 20.Qe4 Qxe4+ 21.Nxe4 Rad8
22.Rad1 Nf6 23.Nxf6+ Bxf6 24.Bxf6 gxf6 25.Kf3 Kf8 26.Ke2 Ke7 27.Rxd8 Rxd8
28.Rd1 Rc8 29.Rd4 Rc5 30.b4 Rh5 31.h4 Re5+ 32.Kd2 Rf5 33.Ke3 Re5+ 34.Re4 Rh5
35.a3 f5 36.Rd4 e5 37.Rd5 f4+ 38.Ke4 fxg3 39.fxg3 Ke6 40.a4 f5+ 41.Kf3 Rh6
42.a5 Rg6 43.axb6 axb6 44.Rb5 e4+ 45.Kf2 e3+ 46.Kf3 e2 47.Kxe2 Rxg3 48.Rxb6+ Ke5
49.b5 f4 50.Rb8 Kd4 51.b6 Kc5 52.b7 Kc6 53.Rh8 Kxb7 54.Rxh7+ Kc6 55.h5 Rc3
56.Rh8 Kb7 57.h6 Rxc4 58.Kf3 Rc6 59.Kg4 f3 60.Kxf3 Ka7 61.Kf4 Rb6 62.Kg5 Rb5+  1/2-1/2

[Event "Kastel Stari op"]
[Site "Kastel Stari"]
[Date "1997.??.??"]
[Round "8"]
[White "Tukmakov, Vladimir B"]
[Black "Bistric, Faruk"]
[Result "1/2-1/2"]
[WhiteElo "2585"]
[BlackElo "2425"]

1.d4 Nf6 2.Nf3 e6 3.c4 b6 4.g3 Ba6 5.b3 Bb4+ 6.Bd2 Be7 7.Bg2 Bb7 8.Nc3 O-O
9.O-O c5 10.Bf4 cxd4 11.Qxd4 d6 12.Qd2 Qc8 13.Rac1 Rd8 14.Rfd1 Na6 15.Nb5 Ne4
16.Qc2 Nb4 17.Qb1 a6 18.Nc3 Nxc3 19.Rxc3 h6 20.Rcc1 Qc7 21.Bd2 Nc6 22.Bc3 Rac8
23.Ne1 b5 24.Qe4 bxc4 25.bxc4 Bf8 26.Nd3 Rb8 27.Qg4 Rdc8 28.c5 d5 29.e3 Rd8
30.Nf4 Rbc8 31.Nh5 Ne5 32.Qf4 Nc4 33.Qxc7 Rxc7 34.Nxg7 Bxg7 35.Bxg7 Kxg7
36.Rxc4 dxc4 37.Rxd8 Bxg2 38.Kxg2 Rxc5 39.Rd2 Kf6 40.Kf3 Ke5 41.Ke2 Ra5 42.f4+ Ke4
43.Rd4+ Kf5 44.Rxc4 Rxa2+ 45.Kf3 Rxh2  1/2-1/2

[Event "Kiev"]
[Site "Kiev"]
[Date "1997.??.??"]
[Round "9"]
[White "Nadanian, Ashot"]
[Black "Frolov, Artur"]
[Result "1/2-1/2"]
[WhiteElo "2375"]
[BlackElo "2515"]

1.d4 Nf6 2.c4 e6 3.Nf3 b6 4.g3 Ba6 5.b3 Bb4+ 6.Bd2 Be7 7.Bg2 c6 8.Bc3 d5
9.Ne5 Nfd7 10.Nxd7 Nxd7 11.Nd2 O-O 12.O-O Rc8 13.e4 c5 14.exd5 exd5 15.dxc5 dxc4
16.c6 cxb3 17.Re1 Bb5 18.axb3 Bxc6 19.Bxc6 Rxc6 20.Rxa7 Bf6 21.Nc4  1/2-1/2

[Event "Koge op"]
[Site "Koge"]
[Date "1997.??.??"]
[Round "5"]
[White "Johansson, Per"]
[Black "Jensen, Stein"]
[Result "0-1"]
[WhiteElo "2155"]
[BlackElo "2205"]

1.d4 Nf6 2.Nf3 e6 3.c4 b6 4.g3 Ba6 5.Qa4 Be7 6.Bg2 Bb7 7.Nc3 O-O 8.d5 exd5
9.Nd4 c5 10.Nf5 Bc6 11.Qc2 dxc4 12.e4 Re8 13.O-O g6 14.Nxe7+ Qxe7 15.Nd5 Bxd5
16.exd5 Qe2 17.Qa4 Kg7 18.Bf4 Qxb2 19.Qxc4 Qb4 20.Qc2 c4 21.Bd2 Re2 22.Bxb4 Rxc2
23.Rfc1 Rxc1+ 24.Rxc1 Na6 25.Bc3 Rc8 26.g4 g5 27.h4 h6 28.hxg5 hxg5 29.f4 Kg6
30.f5+ Kg7 31.Re1 d6 32.Kf2 b5 33.a3 Nc5 34.Re7 a5 35.Bxa5 Nxg4+ 36.Kg3 Kf6
37.Re1 Ne5 38.Bc3 Ra8 39.Ra1 Kxf5 40.Bb4 Ne4+ 41.Bxe4+ Kxe4 42.Bxd6 Kxd5
43.Bb4 f5 44.Rb1 f4+ 45.Kg2 g4 46.Bc3 Rb8 47.a4 b4 48.Rxb4 Rxb4 49.Bxb4 Kd4
50.a5 c3 51.a6 Nc6 52.Bd6 Ke4 53.Ba3 c2 54.Bc1 f3+ 55.Kf2 Kd3 56.Bf4 Kc3
57.Bc1 Kb3 58.Ke3 Ka2  0-1

[Event "RUS-ch sf"]
[Site "Krasnodar"]
[Date "1997.??.??"]
[Round "?"]
[White "Kruglikov, P."]
[Black "Averkin, Orest N"]
[Result "1/2-1/2"]
[WhiteElo "2320"]
[BlackElo "2425"]

1.d4 Nf6 2.c4 e6 3.Nf3 b6 4.g3 Ba6 5.Qa4 c5 6.Bg2 Bb7 7.O-O cxd4 8.Nxd4 Bxg2
9.Kxg2 Qc8 10.Bf4 a6 11.Nc3 Qb7+ 12.f3 Be7 13.Rfd1 O-O 14.e4 Rc8 15.e5 Nh5
16.Ne4 Nc6 17.Nxc6 Nxf4+ 18.gxf4 Rxc6 19.Rd4 b5 20.cxb5 axb5 21.Rxd7 Qxd7
22.Qxa8+ Rc8 23.Rd1 Qxd1 24.Qxc8+ Bf8 25.Qc3 Qe2+ 26.Kg3 Qf1 27.Qe3 Bb4 28.Nc3 h5
29.Qe2 Qg1+ 30.Kh3 Qg6 31.Nxb5 Qf5+ 32.Kg2 Qg6+ 33.Kh3 Qf5+ 34.Kg3 h4+ 35.Kxh4 Qxf4+
36.Kh3 Qf5+ 37.Kg2 Qg6+ 38.Kh1 Qb1+ 39.Kg2 Qg6+  1/2-1/2

[Event "Lappeenranta op"]
[Site "Lappeenranta"]
[Date "1997.??.??"]
[Round "2"]
[White "Henttinen, Markku IO"]
[Black "Sammalvuo, Tapani"]
[Result "1-0"]
[WhiteElo "2285"]
[BlackElo "2375"]

1.d4 Nf6 2.c4 e6 3.Nf3 b6 4.g3 Ba6 5.Nbd2 Bb7 6.Bg2 c5 7.O-O cxd4 8.Nxd4 Bxg2
9.Kxg2 Be7 10.b3 O-O 11.Bb2 d5 12.Rc1 dxc4 13.Rxc4 b5 14.Rc2 Qd5+ 15.N2f3 Rd8
16.Qc1 Bf8 17.Qg5 Qxg5 18.Nxg5 Na6 19.Nc6 Rd5 20.Nf3 Ne4 21.Rfc1 Rc5 22.Bd4 Rxc2
23.Rxc2 Nb4 24.Nxb4 Bxb4 25.Rc7 a6 26.Ne5 Bd6 27.Rc6 Bxe5 28.Bxe5 f6 29.Bc7 Rc8
30.Rxe6 Nxf2 31.Kxf2 Rxc7 32.Rxa6 Kf7 33.Ke3 Kg6 34.Ra5 Rc2 35.b4 h5 36.h4 Rb2
37.a3 Rb3+ 38.Kf4 Kh6 39.Ra6 Kg6 40.e3 Rc3 41.Ra5 Rc4+ 42.Kf3 Rc3 43.Ke4 Rb3
44.Kd4 Kf5 45.Rxb5+ Kg4 46.a4 Kxg3 47.a5 Kxh4 48.a6  1-0

[Event "Gran Canaria op"]
[Site "Las Palmas"]
[Date "1997.??.??"]
[Round "?"]
[White "Gonzalez, Manuel"]
[Black "Gomez, M."]
[Result "0-1"]
[WhiteElo "2220"]
[BlackElo "2490"]

1.d4 Nf6 2.c4 e6 3.Nf3 b6 4.g3 Ba6 5.b3 b5 6.Bg2 bxc4 7.Ne5 Bb4+ 8.Kf1 c6
9.bxc4 O-O 10.Qc2 Be7 11.Nd2 Qc7 12.Bb2 d6 13.Nd3 Nbd7 14.Rc1 Rab8 15.Bf3 c5
16.Nb3 cxd4 17.Nxd4 Rb6 18.Ba3 Rc8 19.Nb2 Ne5 20.Na4 Nxf3 21.Nxf3 Rc6 22.c5 dxc5
23.Kg2 Qa5 24.Rb1 Bxe2 25.Ne5 R6c7 26.Rhe1 Ba6 27.Re3 Nd5 28.Rf3 Bf6 29.Nc4 Bxc4
30.Qxc4 h5 31.h4 Bd4 32.Bc1 Qe1 33.Rbb3 Qe4 34.Ba3 Qg4 35.Rbd3 Qe4 36.Rb3 Nf6
37.Qa6 c4 38.Rb5  0-1

[Event "US-op"]
[Site "Las Vegas"]
[Date "1997.??.??"]
[Round "3"]
[White "Maki, James"]
[Black "Steigman, AJ."]
[Result "1/2-1/2"]
[WhiteElo "2385"]
[BlackElo "2140"]

1.d4 Nf6 2.c4 e6 3.Nf3 b6 4.g3 Ba6 5.Qa4 c5 6.Bg2 Bb7 7.dxc5 bxc5 8.Nc3 Be7
9.O-O O-O 10.Rd1 d6 11.Bf4 Qb6 12.Qc2 Na6 13.a3 Rfd8 14.e4 h6 15.h3 Bc6 16.Rd2 Qb7
17.Ne1 Nh5 18.Be3 Bf6 19.Rad1 Be7 20.g4 Nf6 21.Bf4 Ne8 22.Qd3 Nac7 23.Qe2 e5
24.Nd5 Nxd5 25.exd5 Ba4 26.Bxe5 Bxd1 27.Qxd1 Bf6 28.Bxf6 Nxf6 29.Nd3 a5 30.Qa4 Qd7
31.Qc6 Rdc8 32.Qb6 Rcb8 33.Qc6 Ra7 34.Bf3 Rab7 35.Re2 Rb3 36.Re3 R3b6 37.Qxd7 Nxd7
38.Bd1 Kf8 39.Ba4 R6b7 40.Bc6 Ra7 41.f3 Re8 42.Kf2 Rxe3 43.Kxe3 Nb6 44.Bb5 Ke7
45.Nf2 Rb7 46.a4 Nd7 47.Ne4 Nf6 48.Ng3 g6 49.Nf1 Kd8 50.Nd2 Re7+ 51.Kf2 Kc7
52.Nb3 Kb6 53.Nc1 Nh7 54.Ne2 Ng5 55.Nf4 Nh7 56.Bc6 Nf6 57.Ne2 Ne8 58.Nc3 f5
59.gxf5 gxf5 60.Kg3 Nc7 61.Kf4 Rf7 62.h4 Na6 63.Be8 Rf8 64.Bd7 Nb4 65.b3 Nc2  1/2-1/2

[Event "US-op"]
[Site "Las Vegas"]
[Date "1997.??.??"]
[Round "5"]
[White "Epishin, Vladimir"]
[Black "Morovic Fernandez, Ivan"]
[Result "1/2-1/2"]
[WhiteElo "2640"]
[BlackElo "2580"]

1.d4 Nf6 2.c4 e6 3.Nf3 b6 4.g3 Ba6 5.b3 b5 6.cxb5 Bxb5 7.Bg2 Bb4+ 8.Bd2 a5
9.a3 Bxd2+ 10.Qxd2 Bc6 11.O-O O-O 12.Nc3 Ne4 13.Qc2 Nxc3 14.Qxc3 Bxf3 15.Bxf3 c6
16.b4 Qb6 17.Qc5 Qxc5 18.bxc5 Na6 19.Rfb1 e5 20.e3 exd4 21.exd4 Ra7 22.Kf1 Re8
23.Re1 Rxe1+ 24.Rxe1 Kf8 25.Rb1 Nc7 26.Rb8+ Ke7 27.Ke2 Nb5 28.d5 Nxa3 29.dxc6 dxc6
30.Bxc6 Rc7 31.Rb7 Rxb7 32.Bxb7 Nb5 33.Kd3 a4 34.Kc4 a3 35.Kb3 Kd7 36.Bd5 f6
37.Kb4 Nc7 38.Bg8 h6 39.Kxa3 Kc6  1/2-1/2

[Event "Lazne Bohdanec"]
[Site "Lazne Bohdanec"]
[Date "1997.??.??"]
[Round "9"]
[White "Votava, Jan"]
[Black "Polak, Tomas"]
[Result "0-1"]
[WhiteElo "2530"]
[BlackElo "2450"]

1.d4 Nf6 2.c4 e6 3.Nf3 b6 4.g3 Ba6 5.Nbd2 Bb7 6.Bg2 c5 7.e4 cxd4 8.Nxd4 Bc5
9.N4b3 d6 10.O-O e5 11.Qe2 Nc6 12.Rd1 a5 13.a4 O-O 14.Nf1 Re8 15.Kh1 Nd4
16.Nxd4 exd4 17.f3 d5 18.cxd5 Nxd5 19.Bd2 Ba6 20.Qf2 Nb4 21.Bxb4 axb4 22.Qd2 Rc8
23.Re1 b3 24.Red1 Qe7 25.a5 bxa5 26.Qxa5 Be2 27.Rdc1 d3 28.Qa4 Rb8 29.Qc4 Bf2
30.Rc3 Qe6 31.Qxe6 fxe6 32.Nd2 Bd4 33.Rxb3 Bxb2 34.Rb1 Rxb3 35.Nxb3 Bc3 36.Rc1 d2
37.Nxd2 Bxd2 38.Rc2 Rd8 39.f4 Bd1 40.Rc6 Bb3 41.Bf3 Ba5 42.Ra6 Bc7 43.Ra7 Rd7
44.h4 Kf8 45.Kg2 Ke7 46.h5 h6 47.e5 Bd8 48.Ra3 Bc4 49.Ra4 Rd2+ 50.Kh1 Rd4
51.Ra7+ Rd7 52.Ra4 Bd3 53.Kg2 Bb6 54.Rb4 Bc5 55.Rb2 Ra7 56.Be2 Bd4 57.Rd2 Be4+
58.Bf3 Bc3 59.Re2 Bd3 60.Rf2 Bb1 61.Kh3 Ra2 62.Rf1 Bf5+ 63.Bg4 Bd3 64.Rd1 Be4
65.Rc1 Ra1 66.Rxa1 Bxa1 67.Be2 Bd4 68.g4 Bf2 69.Bf1 Kd7 70.Bg2 Bd5 71.Bxd5 exd5
72.Kg2 Bd4 73.Kf3 Ke6 74.Ke2 Bxe5  0-1

[Event "Lichtenstein op"]
[Site "Lichtenstein"]
[Date "1997.??.??"]
[Round "6"]
[White "Gheorghiu, Florin"]
[Black "Pribyl, Martin"]
[Result "1/2-1/2"]
[WhiteElo "2480"]
[BlackElo "2305"]

1.d4 Nf6 2.c4 e6 3.Nf3 b6 4.g3 Ba6 5.b3 Bb7 6.Bg2 Bb4+ 7.Bd2 Be7 8.Nc3 Ne4
9.O-O O-O 10.d5 Nxc3 11.Bxc3 Bf6 12.Rc1 Na6 13.a3 Nc5 14.Bxf6 Qxf6 15.b4 Ne4
16.Qd4 Nd6 17.Qxf6 gxf6 18.c5 bxc5 19.bxc5 Nf5 20.g4 Ng7 21.Nd4 Bxd5 22.Bxd5 exd5
23.c6 Ne6 24.Rfd1 Rfd8 25.Nf5 dxc6 26.Rxc6 Kf8 27.Nd4 Ke7 28.Nxe6 fxe6 29.Rxc7+ Rd7  1/2-1/2

[Event "Lilie op"]
[Site "Litomysl"]
[Date "1997.??.??"]
[Round "6"]
[White "Voloshin, Leonid"]
[Black "Priehoda, Vitezslav"]
[Result "1/2-1/2"]
[WhiteElo "2450"]
[BlackElo "2400"]

1.d4 Nf6 2.c4 e6 3.Nf3 b6 4.g3 Ba6 5.Qc2 c5 6.Bg2 Nc6 7.dxc5 Bxc5 8.a3 Bb7
9.O-O O-O 10.Nc3 Qc8 11.Bg5 Be7 12.Rac1 d6 13.Rfd1 Rd8 14.Nb5 Qb8 15.Bf4 h6
16.h3 e5  1/2-1/2

[Event "Ljubljana"]
[Site "Ljubljana"]
[Date "1997.??.??"]
[Round "3"]
[White "Farago, Ivan"]
[Black "Grosar, Aljosa"]
[Result "1/2-1/2"]
[WhiteElo "2470"]
[BlackElo "2495"]

1.d4 Nf6 2.c4 e6 3.Nf3 b6 4.g3 Ba6 5.b3 Bb7 6.Bg2 Bb4+ 7.Bd2 a5 8.O-O O-O
9.Qc2 d5 10.cxd5 exd5 11.Bg5 Be7 12.Nc3 Ne4 13.Bxe7 Qxe7 14.Ne5 Nxc3 15.Qxc3 Na6
16.Nc6 Bxc6 17.Qxc6 Qxe2 18.a3 Qb2 19.Qxd5 Rad8 20.Qc4 Nb8 21.d5 Nd7 22.b4 axb4
23.axb4 Nf6 24.Qxc7 Qxb4 25.Rab1 Qc5  1/2-1/2

[Event "Ljubljana op"]
[Site "Ljubljana"]
[Date "1997.??.??"]
[Round "8"]
[White "Novikov, Igor A"]
[Black "Romanishin, Oleg M"]
[Result "1/2-1/2"]
[WhiteElo "2580"]
[BlackElo "2555"]

1.d4 Nf6 2.c4 e6 3.Nf3 b6 4.g3 Ba6 5.b3 Bb7 6.Bg2 Bb4+ 7.Bd2 Be7 8.O-O O-O
9.Nc3 Na6 10.Bc1 d5 11.Ne5 c5 12.Bb2 Nb4 13.dxc5 bxc5 14.Na4 Qc7 15.cxd5 Bxd5
16.Bxd5 Nbxd5 17.Rc1 Rac8 18.Nd3 Qa5 19.Bxf6 Nxf6 20.Rc4 Nd5 21.Qc2 Nb6 22.Nxb6  1/2-1/2

[Event "Rheinhessen-ch M1"]
[Site "Mainz"]
[Date "1997.??.??"]
[Round "8"]
[White "Fassnacht, Peter"]
[Black "Garski, Rudolf"]
[Result "1-0"]
[WhiteElo "2285"]
[BlackElo "1870"]

1.d4 Nf6 2.c4 e6 3.Nf3 b6 4.g3 Ba6 5.Nbd2 Bb7 6.Bg2 c5 7.e3 cxd4 8.exd4 Be7
9.O-O O-O 10.Re1 d5 11.b3 dxc4 12.bxc4 Qc8 13.Bb2 Nc6 14.a3 Rd8 15.Rc1 Rd7
16.d5 Nd8 17.Nh4 Qb8 18.Bh3  1-0

[Event "CUB-ch"]
[Site "Matanzas"]
[Date "1997.??.??"]
[Round "2"]
[White "Arencibia, Walter"]
[Black "Larduet, Carlos"]
[Result "0-1"]
[WhiteElo "2560"]
[BlackElo "2310"]

1.d4 Nf6 2.c4 e6 3.Nf3 b6 4.g3 Ba6 5.Nbd2 Bb4 6.Qc2 Bb7 7.Bg2 O-O 8.O-O Bxd2
9.Bxd2 d6 10.Rfd1 Nbd7 11.b3 Re8 12.Bc3 Be4 13.Qc1 Qe7 14.Qe3 c6 15.Bh3 h6
16.Nd2 Bg6 17.Bg2 Rac8 18.Bb2 d5 19.Rac1 Qd6 20.Nf3 Be4 21.Bf1 Qb8 22.Ne5 Nxe5
23.dxe5 Nd7 24.f3 Bg6 25.Qc3 Qb7 26.e3 Red8 27.Kf2 Nc5 28.Rd2 Qe7 29.cxd5 exd5
30.h4 Ne6 31.Bh3 c5 32.Rcd1 d4 33.Qc4 dxe3+ 34.Kxe3 Rxd2 35.Rxd2 Rd8 36.Rxd8+ Qxd8
37.Bxe6 fxe6 38.Qxe6+ Bf7 39.Qg4 Qd1 40.e6 Qe1+ 41.Kd3 Bg6+ 42.Kc4 Qb4+ 43.Kd5 Qd2+
44.Kc6 Be8+ 45.Kb7 Qxb2 46.Qf5 Qf6 47.Qe4 Qe7+ 48.Ka6 b5 49.Qd5 Qc7 50.e7+ Kh8
51.Qd8 Qb6+  0-1

[Event "CRO-chT"]
[Site "Medulin"]
[Date "1997.??.??"]
[Round "?"]
[White "Dizdar, Goran"]
[Black "Palac, Mladen"]
[Result "1/2-1/2"]
[WhiteElo "2550"]
[BlackElo "2595"]

1.d4 Nf6 2.Nf3 e6 3.c4 b6 4.g3 Ba6 5.Nbd2 Bb4 6.Qa4 c5 7.a3 Bxd2+ 8.Bxd2 cxd4
9.Bg2 Bb7 10.O-O Bc6 11.Qd1 Bxf3 12.Bxf3 Nc6 13.Bf4 O-O 14.Bd6 Re8 15.Bxc6 dxc6
16.Qxd4 c5 17.Qf4 Nh5 18.Qe5 f6 19.Qxh5 Qxd6 20.Rfd1 Qe7 21.a4 Red8 22.Qf3 Rxd1+
23.Rxd1 Rd8 24.Rxd8+ Qxd8 25.a5 bxa5 26.Qc6 Qe7 27.Qb5 h6 28.Qxa5 Kh7 29.Qd2 Qb7  1/2-1/2

[Event "CRO-chT"]
[Site "Medulin"]
[Date "1997.??.??"]
[Round "?"]
[White "Horvath, Csaba"]
[Black "Gavrikov, Viktor"]
[Result "1/2-1/2"]
[WhiteElo "2485"]
[BlackElo "2590"]

1.d4 Nf6 2.c4 e6 3.Nf3 b6 4.g3 Ba6 5.b3 Bb4+ 6.Bd2 Be7 7.Bg2 O-O 8.O-O d5
9.cxd5 exd5 10.Nc3 Nbd7 11.Rc1 c6 12.Rc2 Re8 13.Bc1 Bb4 14.Bb2 Qe7 15.Qa1 Bb7
16.e3 Bd6 17.Rd1 Rad8 18.Ne2 Ne4 19.Nf4 a5 20.a3 f6 21.Qc1  1/2-1/2